000 00407nam a22001577a 4500
003 MPLRDC
005 20220104170054.0
008 210129b ||||| |||| 00| 0 eng d
082 _a050.1 WED v.3 1984
100 _aJOAQUIN S. LIM
245 _aWORLD EXECUTIVE'S DIGEST. MARCH 1984
_c
260 _a
_bWORLD EXECUTIVE'S DIGEST INC.
_c1984
300 _b
650 _a
942 _cBK
_o050.1 WED v.3 1984
999 _c57771
_d57761